Youngest Countries As a Percent of the Population - Statistics

General Stats
  • This quiz has been taken 7 times
  • The average score is 13 of 17
Answer Stats
Population 0-14 (%) Country Population 0-14 % Correct
47% Niger 12.3 Million
100%
44% Uganda 21.4 Million
100%
45% Burundi 6.21 Million
86%
49% Central African Republic 2.53 Million
86%
47% Chad 9.03 Million
86%
46% Democratic Republic of the Congo 48.8 Million
86%
47% Somalia 8.57 Million
86%
45% Angola 16.4 Million
71%
42% Benin 5.9 Million
71%
42% Burkina Faso 9.76 Million
71%
42% Cameroon 11.8 Million
71%
42% Zambia 15.1 Million
71%
43% Afghanistan 17.9 Million
57%
46% Mali 11 Million
57%
45% Mozambique 15.1 Million
57%
43% Tanzania 28.5 Million
57%
43% Mauritania 2.16 Million
43%
No matching quizzes found
Score Distribution
Percent of People with Each Score
Percentile by Number Answered
Your Score History
You have not taken this quiz